000 00846nam a22002417a 4500
003 OSt
005 20230202163753.0
008 221012b |||||||| |||| 00| 0 eng d
020 _a978 90 78681 03 8
040 _cBiblioteca Lado V
082 _a708
_bV217i
100 _9741
_aVan Der Staay, Adriaan
_eautor
245 _aImagining emotion, art as a binding element in contemporary society/
260 _aSicardi Gallery
_c2007
_bHouston
300 _a118p.
_c17x24cm
650 _2Tesauro de Arte & Arquitectura
_aCATALOGO
650 _2Tesauro de Arte & Arquitectura
_aEXHIBICION
650 _2Tesauro de Arte & Arquitectura
_aARTE
650 _2Tesauro de Arte & Arquitectura
_aARTE CONTEMPORANEO
700 _aPonce de Leon, Carolina
_eautor
700 _aWeiss, Rachel
_eautor
942 _2ddc
_c1
_h708
_iV217i
_n0
999 _c3051
_d3051